000
00311nam a2200133Ia 4500
008
231129s1983||||xx |||||||||||||| ||spa||
040
_b
spa
082
_a
813 G314r
100
_a
Gelb Barbara
245
0
_a
Rojos
260
_c
1983
264
_a
Bogotá Colombia : Círculo de Lectores
942
_2
ddc
_c
BKS
999
_c
24157
_d
24157